[Event "5th LGA Premium Cup"]
[Site "Nuernberg GER"]
[Date "2008.09.06"]
[Round "4"]
[White "Renner,Christo"]
[Black "Hepting,H"]
[Result "1/2-1/2"]
[WhiteElo "2431"]
[BlackElo "2214"]

1.d4 d5 2.c4 Nc6 3.Nc3 dxc4 4.Nf3 Bg4 5.d5 Bxf3 6.gxf3 Nb8 7.e4 e5 8.dxe6 Qxd1+
9.Kxd1 fxe6 10.Bxc4 Nc6 11.Bxe6 Nd4 12.Bxg8 Rxg8 13.Be3 Nxf3 14.Ke2 Ne5 15.Nb5 Bd6
16.Rac1 Nc6 17.Rhd1 Rd8 18.f4 a6 19.Nc3 Rc8 20.e5 Be7 21.Nd5 Kf7 22.Kf3 g6
23.Ke4 Ke6 24.h4 h5 25.Rg1 Bxh4 26.Rxg6+ Rxg6 27.f5+ Kf7 28.fxg6+ Kxg6 29.Rg1+ Kf7
30.Rh1 Bg3 31.Bf4 h4 32.Bxg3 hxg3 33.Rh7+ Kg6 34.Rh3 Re8 35.Nf4+ Kg5 36.Rxg3+ Kh4
37.Rh3+ Kg4 38.Rh5 Rd8 39.Rh7 Rd4+ 40.Ke3 Kf5 41.Nd3 Re4+ 42.Kd2 Nxe5 43.Nc5 Rc4
44.Rxc7 b6 45.Nxa6 Ra4 46.Nb8 Rxa2 47.Kc3 Ra5 48.Nd7 Nxd7 49.Rxd7 Ke6 50.Rb7 Rb5
51.b4 Kd5 52.Rc7 Kd6 53.Rc8 Kd7 54.Rh8 Rg5 55.Kc4 Kc6 56.b5+ Kb7 57.Rh7+ Kb8
58.Rf7 Rc5+ 59.Kb4  1/2-1/2

[Event "I Liga Seniorow"]
[Site "Ustron POL"]
[Date "2008.09.07"]
[Round "2"]
[White "Pieniazek,Ar"]
[Black "Kalinin,O"]
[Result "1/2-1/2"]
[WhiteElo "2376"]
[BlackElo "2356"]

1.d4 d5 2.c4 Nc6 3.cxd5 Qxd5 4.e3 e5 5.Nc3 Bb4 6.Bd2 Bxc3 7.Bxc3 exd4 8.Ne2 Nf6
9.Nxd4 O-O 10.Qf3 Nxd4 11.Qxd5  1/2-1/2

[Event "I Liga Seniorow"]
[Site "Ustron POL"]
[Date "2008.09.08"]
[Round "3"]
[White "Schmidt,Wl"]
[Black "Jagodzinski,W"]
[Result "1-0"]
[WhiteElo "2396"]
[BlackElo "2141"]

1.d4 d5 2.c4 Nc6 3.Nc3 dxc4 4.d5 Ne5 5.f4 Ng4 6.e4 e5 7.Nf3 Bd6 8.h3 N4h6
9.fxe5 Bc5 10.Bxc4 Ne7 11.Bg5 Nhg8 12.Qb3 a6 13.d6 cxd6 14.Bxf7+ Kf8 15.O-O-O h6
16.Bg6 d5 17.Rxd5 Qc7 18.Rd8+  1-0

[Event "USCL 2008"]
[Site "ICC INT"]
[Date "2008.09.10"]
[Round "3"]
[White "Zaikov,O"]
[Black "Zimmer,R"]
[Result "0-1"]
[WhiteElo "2380"]
[BlackElo "2171"]

1.d4 d5 2.c4 Nc6 3.e3 e6 4.Nf3 Nf6 5.Nc3 Be7 6.b3 O-O 7.Bd3 Nb4 8.Bb1 c5
9.O-O b6 10.Ne5 dxc4 11.bxc4 Bb7 12.Bb2 cxd4 13.exd4 Nc6 14.Nxc6 Bxc6 15.Qe2 Re8
16.Rd1 Qc7 17.a4 Rad8 18.Ba2 Qf4 19.Qe3 Qg4 20.f3 Qh5 21.Nb5 a6 22.Nc3 Bd6
23.h3 e5 24.Nd5 Nxd5 25.cxd5 Bxa4 26.Rdc1 exd4 27.Qxd4 Be5 28.Qd2 Bb5 29.Re1 Bxb2
30.Qxb2 Qg6 31.Qd4 Qd6 32.Kh1 g6 33.Re4 Qc5 34.Qf6 Qd6 35.Qb2 Bd3 36.Rxe8+ Rxe8
37.Rc1 b5 38.Qd2 Bf5 39.f4 Bd7 40.Bb3 Re4 41.g3 h5 42.h4 Qa3 43.Qd3 Qxc1+  0-1

[Event "61st ch-RUS HL"]
[Site "Novokuznetsk RUS"]
[Date "2008.09.10"]
[Round "7"]
[White "Iskusnyh,S"]
[Black "Kravtsov,S"]
[Result "1-0"]
[WhiteElo "2499"]
[BlackElo "2404"]

1.d4 d5 2.c4 Nc6 3.Nf3 Bg4 4.Nc3 e6 5.cxd5 exd5 6.Bf4 Bb4 7.e3 Nge7 8.Rc1 O-O
9.Bd3 Qd7 10.a3 Bxc3+ 11.Rxc3 Rac8 12.O-O Bxf3 13.Qxf3 Nd8 14.b4 c6 15.a4 a6
16.Rfc1 Ne6 17.Qh3 f5 18.Be5 Rf7 19.f4 Nf8 20.b5 axb5 21.axb5 Nfg6 22.bxc6 bxc6
23.Rb3 Nxe5 24.fxe5 g6 25.Rcb1 Kg7 26.Rb7 Qe6 27.Ra1 Rcf8 28.Qh4 Ng8 29.Rb6 f4
30.exf4 Rxf4 31.Rb7+ R4f7 32.Rxf7+ Rxf7 33.h3 Ne7 34.Qg5 Ng8 35.Ra6 Ne7 36.Qc1 Rf8
37.Ra7 Rd8 38.Qg5 Re8 39.Be2 h6 40.Qg3 h5 41.Bxh5 Qf5 42.Be2 Qe4 43.Qf2 Kh6
44.Bg4 g5 45.Qf6+ Ng6 46.Qg7+  1-0

[Event "61st ch-RUS HL"]
[Site "Novokuznetsk RUS"]
[Date "2008.09.12"]
[Round "9"]
[White "Rychagov,A"]
[Black "Kravtsov,S"]
[Result "0-1"]
[WhiteElo "2549"]
[BlackElo "2404"]

1.d4 d5 2.c4 Nc6 3.Nc3 dxc4 4.Nf3 Nf6 5.e3 e5 6.d5 Ne7 7.Bxc4 Ng6 8.h4 Bd6
9.h5 Nf8 10.Bb5+ N8d7 11.h6 g6 12.e4 a6 13.Be2 O-O 14.Bg5 Be7 15.Qc2 Ne8
16.Be3 b5 17.Rd1 Bb7 18.a4 b4 19.Nb1 f5 20.exf5 gxf5 21.Rh5 f4 22.Bd2 Bd6
23.Bc4 Kh8 24.b3 Nef6 25.Rg5 e4 26.Nd4 Rg8 27.Rg7 Qe8 28.Nf5 Qe5 29.Nxd6 Qxd6
30.Qc1 e3 31.fxe3 Rxg7 32.hxg7+ Kxg7 33.exf4 Re8+ 34.Kf1 Ng4 35.Qb2+ Ndf6
36.Bc1 Qe7 37.Qc2 Qe3  0-1

[Event "4th ch-EU"]
[Site "Liverpool ENG"]
[Date "2008.09.13"]
[Round "5"]
[White "Gordon,S"]
[Black "Peek,Mar"]
[Result "1/2-1/2"]
[WhiteElo "2508"]
[BlackElo "2370"]

1.d4 d5 2.c4 Nc6 3.Nc3 dxc4 4.Nf3 Nf6 5.h3 Nd5 6.e4 Nxc3 7.bxc3 Na5 8.Ne5 g6
9.Qf3 f6 10.Nxc4 c6 11.Rb1 Be6 12.Nxa5 Qxa5 13.Rxb7 Rd8 14.Be2 Rxd4 15.O-O Rd7
16.Rxd7 Kxd7 17.Bf4 Bg7 18.e5 Rc8 19.Qe3 fxe5 20.Bg3 Ke8 21.c4 Rd8 22.f4 Qd2
23.Qf3 e4 24.Qxe4 Qd4+ 25.Qxd4 Bxd4+ 26.Kh1 Bf5 27.Bh4 Rb8 28.Bf3 c5 29.g4 Rb1
30.Rxb1 Bxb1 31.Bc6+ Kd8 32.a4 Bd3 33.Bd5 Kd7 34.Bg8 h5 35.gxh5 gxh5 36.Bf7 e6
37.Kg2 Kd6 38.Bxh5 Bxc4 39.Bf2 Bxf2 40.Kxf2 a5 41.Bd1 e5 42.fxe5+ Kxe5 43.Ke3 Bd5
44.Kd3 Kf5 45.h4 Bc6 46.Kc4  1/2-1/2

[Event "I Liga Seniorow"]
[Site "Ustron POL"]
[Date "2008.09.13"]
[Round "8"]
[White "Markiewicz,Je"]
[Black "Jagodzinski,W"]
[Result "1-0"]
[WhiteElo "2301"]
[BlackElo "2141"]

1.d4 d5 2.c4 Nc6 3.Nf3 Bg4 4.Nc3 e6 5.cxd5 exd5 6.Bf4 Bb4 7.e3 Nge7 8.Rc1 O-O
9.h3 Bh5 10.Be2 Bd6 11.Bxd6 Qxd6 12.O-O f6 13.a3 Bf7 14.Ne1 Be6 15.Nd3 Rae8
16.b4 f5 17.f4 a6 18.Na4 Bc8 19.Ne5 Nxe5 20.dxe5 Qd8 21.Nc5 c6 22.Qd4 Ng6
23.Kh2 Re7 24.Rg1 Qc7 25.Nd3 Rd8 26.Nc5 Nf8 27.Qc3 Qb8 28.Nb3 Rc7 29.a4 Ne6
30.Nd4 Qa7 31.Nxf5 Nxf4 32.Nh6+ gxh6 33.exf4 Bf5 34.Bd3 Rf7 35.Rgf1 Rdf8
36.Bxf5 Rxf5 37.Rce1 h5 38.Qf3 Qd4 39.g3 h4 40.Qg4+ Kh8 41.Qxh4 Qxb4 42.e6 d4
43.g4 Rxf4 44.Rxf4 Qd2+ 45.Kg1 Qxf4 46.e7 Re8 47.Qh5 Qg3+ 48.Kf1 Qd3+ 49.Kf2 Qg6
50.Qc5 Qg7 51.Qd6 h6 52.Kg3 Kg8 53.a5 c5 54.Qxc5 Qf6 55.Qd5+ Kg7 56.Re6 Qg5
57.Qxd4+ Kf7 58.Re5 Qg6 59.Qd5+ Kg7 60.Re6 Qg5 61.Qf5 Qxf5 62.gxf5 Kf7 63.Rxh6  1-0

[Event "FSIMA September"]
[Site "Budapest HUN"]
[Date "2008.09.14"]
[Round "9"]
[White "Simonyi,Z"]
[Black "Lyell,M"]
[Result "0-1"]
[WhiteElo "2247"]
[BlackElo "2232"]

1.d4 d5 2.c4 Nc6 3.Nf3 Bg4 4.Bf4 Bxf3 5.gxf3 e6 6.e3 Bd6 7.Bg3 Nf6 8.Nc3 O-O
9.cxd5 exd5 10.Bd3 Qd7 11.Nb5 Bb4+ 12.Kf1 a6 13.Nc3 Qh3+ 14.Kg1 Ne7 15.Ne2 Bd6
16.Qf1 Qh6 17.Bxd6 cxd6 18.h4 Nh5 19.Qg2 Qe6 20.Qg5 g6 21.Kh2 Rac8 22.Rag1 Kh8
23.Ng3 f6 24.Qg4 Qxg4 25.fxg4 Nxg3 26.Kxg3 Rc7 27.h5 Kg7 28.Kf3 g5 29.h6+ Kg8
30.Ke2 Ng6 31.Bf5 Re8 32.Rc1 Ree7 33.Be6+ Kf8 34.Rxc7 Rxc7 35.Bxd5 Rc2+ 36.Kf3 Rxb2
37.Rc1 Ne7 38.Bb3 Nc6 39.d5 Ne5+ 40.Kg3 b5 41.Rc7 Nf7 42.Ra7 Nxh6 43.Rxa6 f5
44.Rxd6 Nxg4 45.e4 Nxf2 46.Rf6+ Kg7 47.Rxf5 Nxe4+ 48.Kf3 Nd2+ 49.Kg4 Nxb3
50.axb3 h6  0-1

[Event "EYb18"]
[Site "Herceg Novi MNE"]
[Date "2008.09.15"]
[Round "1"]
[White "Pasku,L"]
[Black "Martinovic,Sa"]
[Result "0-1"]
[WhiteElo "2086"]
[BlackElo "2395"]

1.d4 d5 2.c4 Nc6 3.e3 e5 4.dxe5 d4 5.a3 Nge7 6.Nf3 Bg4 7.Be2 dxe3 8.Qxd8+ Rxd8
9.Bxe3 Ng6 10.Nbd2 Ngxe5 11.O-O-O Be6 12.Bf4 Bd6 13.Nxe5 Nxe5 14.Bg3 f6 15.Rhe1 Kf7
16.Ne4 Bxc4 17.f4 Bxe2 18.fxe5 Bxd1 19.exd6 Bg4 20.dxc7 Rd5 21.Nd6+ Kg6 22.Nxb7 Bc8
23.Nd8 h5 24.b4 h4 25.Bf4 Rd4 26.g3 Kh5 27.Rd1 Rxd1+ 28.Kxd1 g5 29.Be3 hxg3
30.hxg3 Rh7 31.Nc6 a6 32.Bb6 Rd7+ 33.Ke1 Rd6 34.Na7 Rxb6 35.Nxc8 Rc6 36.Ne7 Rxc7
37.Nd5 Rc6 38.Kf2 f5 39.Ke3 Kg4 40.Kd4 Kxg3 41.Ne7 Re6 42.Nxf5+ Kf4 43.Ng7 Rd6+
44.Kc5 Rg6 45.Ne8 g4  0-1

[Event "FSIMA September"]
[Site "Budapest HUN"]
[Date "2008.09.16"]
[Round "11"]
[White "Vegh,E"]
[Black "Lyell,M"]
[Result "1/2-1/2"]
[WhiteElo "2298"]
[BlackElo "2232"]

1.d4 d5 2.c4 Nc6 3.cxd5 Qxd5 4.e3 e5 5.Nc3 Bb4 6.Bd2 Bxc3 7.Bxc3 exd4 8.Ne2 Nf6
9.Nxd4 O-O 10.Qb3 Nxd4 11.Bxd4 Qa5+ 12.Bc3 Qf5 13.Bxf6 Qxf6 14.Bc4 Be6 15.Bxe6 fxe6
16.O-O Rad8 17.Qc2 c5 18.Rad1 b6 19.b3 Rd5 20.e4 Rd4 21.Rxd4 Qxd4 22.Qe2 Rd8
23.Qa6 Rd7 24.h3 h6 25.Qc8+ Kh7 26.Qe8 e5 27.h4 Rd6 28.Qe7  1/2-1/2

[Event "4th ch-EU"]
[Site "Liverpool ENG"]
[Date "2008.09.17"]
[Round "9"]
[White "Williams,Si1"]
[Black "Peek,Mar"]
[Result "1-0"]
[WhiteElo "2496"]
[BlackElo "2370"]

1.d4 d5 2.c4 Nc6 3.Nc3 dxc4 4.d5 Ne5 5.f4 Nd7 6.e4 Nb6 7.a4 a5 8.Be3 e6 9.Bxb6 cxb6
10.Bxc4 Bb4 11.dxe6 Bxe6 12.Bxe6 Qxd1+ 13.Rxd1 fxe6 14.Ne2 Nf6 15.Kf2 Nd7
16.Nd4 Ke7 17.f5 Bxc3 18.bxc3 Nc5 19.Ke3 g6 20.Nxe6 Nxe6 21.fxe6 Rac8 22.Rd3 Kxe6
23.Rb1 Rc6 24.Rb5 Rhc8 25.h4 Ke7 26.Kf4 h6 27.Re5+ Re6 28.Red5 Rc4 29.R5d4 Rf6+
30.Ke3 Rc7 31.e5 Rf1 32.Rd6 Rc5 33.Rxb6 Rxe5+ 34.Kd4 Re2 35.Re3+ Rxe3 36.Kxe3 Re1+
37.Kd4 Ra1 38.Rxb7+ Ke6 39.Rb6+ Kf7 40.Ke5 Rxa4 41.Rb7+ Ke8 42.g3 Rc4 43.Rb6 Kf7
44.Rf6+ Ke7 45.Rxg6 Rxc3 46.Kf4 Rc4+ 47.Kf3 Rc3+ 48.Kg4 h5+ 49.Kxh5 a4 50.Kg4 Rc4+
51.Kh3 a3 52.Ra6 Rc3 53.h5 Kf7 54.Kh4 Kg7 55.g4 Rb3 56.Ra7+ Kf6 57.g5+ Kf5
58.Ra5+ Ke6 59.h6 Kf7 60.Kg4 Rc3 61.Ra7+ Kg8 62.Kh5 Rb3 63.h7+ Kh8 64.Kh6  1-0

[Event "IV Geller Memorial"]
[Site "Odessa UKR"]
[Date "2008.09.17"]
[Round "9"]
[White "Kostiukova,L"]
[Black "Shilin,D"]
[Result "0-1"]
[WhiteElo "2224"]
[BlackElo "2393"]

1.d4 d5 2.c4 Nc6 3.Nc3 Nf6 4.Nf3 Bg4 5.cxd5 Nxd5 6.e4 Nxc3 7.bxc3 e5 8.d5 Nb8
9.Qa4+ Bd7 10.Qb3 Bc8 11.Nxe5 Bd6 12.Bb5+ c6 13.dxc6 O-O 14.Nc4 Bc5 15.Be3 Bxe3
16.Nxe3 bxc6 17.Bc4 Qh4 18.Qc2 Re8 19.Rd1 Nd7 20.O-O Qxe4 21.Bd3 Qh4 22.Nf5 Qh5
23.Nd6 Re7 24.Rfe1 Ne5 25.Nxc8 Rxc8 26.h3 Rce8 27.Re3 g6 28.Rde1 Qg5 29.Qe2 f5
30.Kf1 Kf8 31.Bc2 Qh4 32.Bb3 a5 33.Kg1 Qg5 34.Kf1 f4 35.Re4 f3 36.gxf3 Qf5
37.Kg2 Nxf3 38.Qxf3 Rxe4 39.Qxf5+ gxf5 40.Rd1 a4 41.Bc2 Rf4 42.Kg3 Rc4 43.Bxf5 Rxc3+
44.f3 Ree3 45.Bg4 Re2 46.Rd7 Rxa2 47.Rxh7 a3 48.Kf4 Re2 49.Ra7 a2 50.Kg5 Rc1  0-1

[Event "4th Open"]
[Site "Bjelovar CRO"]
[Date "2008.09.18"]
[Round "2"]
[White "Devcic,D"]
[Black "Kalajzic,I"]
[Result "1/2-1/2"]
[WhiteElo "2303"]
[BlackElo "2228"]

1.d4 d5 2.c4 Nc6 3.cxd5 Qxd5 4.e3 e5 5.Nc3 Bb4 6.Bd2 Bxc3 7.bxc3 Nf6 8.c4 Qd6
9.d5 Nd8 10.Qb1 a5 11.Ne2 b6 12.Ng3 Nb7 13.Be2 h5 14.Bc3 Nc5 15.O-O Na4 16.Bd2 g6
17.f4 h4 18.Ne4 Qe7 19.Bd1 Bd7 20.Bxa4 Bxa4 21.fxe5 Nxe4 22.Qxe4 f5 23.Qd3 h3
24.g3 O-O-O 25.Bc3 Qa3 26.e6 Rhe8 27.e4 fxe4 28.Qe3 Bc2 29.Rf7 Bd3 30.Bf6 Qb4
31.Rc1 Bxc4 32.Bxd8 Rxd8 33.e7 Re8 34.a3 Qb2 35.Rf2 Qb3 36.Qxe4 Bxd5 37.Qe5 c5
38.Rd1 Bc6 39.Rc1 Bd5 40.Rd2 Bc6 41.Rf1 Kb7 42.Rd8 Qc2 43.Rf2 Qb1+ 44.Rf1 Qc2
45.Rf2 Qb1+  1/2-1/2

[Event "EYg12"]
[Site "Herceg Novi MNE"]
[Date "2008.09.19"]
[Round "5"]
[White "Papathanasiou,E"]
[Black "Bivol,A"]
[Result "0-1"]
[WhiteElo "1558"]
[BlackElo "1831"]

1.d4 d5 2.c4 Nc6 3.Nf3 Bg4 4.cxd5 Bxf3 5.gxf3 Qxd5 6.e3 e5 7.Nc3 Bb4 8.Bd2 Bxc3
9.bxc3 exd4 10.cxd4 Nge7 11.Be2 O-O-O 12.Qb3 Qxb3 13.axb3 Rd6 14.Bc4 f5 15.Rg1 g6
16.Bc3 Nd5 17.Bb2 Re8 18.Kf1 a6 19.Kg2 Nb6 20.Rgd1 Nxc4 21.bxc4 Rd7 22.d5 Ne5
23.Rac1 c6 24.d6 b6 25.c5 b5 26.Bc3 Nc4 27.Ra1 Kb7 28.Re1 Ne5 29.Rad1 Nf7
30.e4 f4 31.e5 Nd8 32.Ra1 Ne6 33.Bb4 Rf8 34.Ra2 h6 35.Rea1 Ra8 36.Kh3 Rf7
37.Re1 Kc8 38.Rea1 Kb7 39.Re1 h5 40.Kg2 g5 41.Rd1 Rf5 42.Re1 g4 43.fxg4 hxg4
44.d7 f3+ 45.Kg1 Rh5 46.Rd2 Rah8 47.d8=Q Nxd8 48.Rxd8 Rxd8 49.Re4 Rh4 50.Kf1 Rxh2
51.Rxg4 Rd1+ 52.Be1 Rh1+ 53.Rg1 Rxg1+ 54.Kxg1 Rxe1+  0-1

[Event "EYg12"]
[Site "Herceg Novi MNE"]
[Date "2008.09.19"]
[Round "5"]
[White "Ioan,C"]
[Black "Pastuszko,K"]
[Result "0-1"]
[WhiteElo "1882"]
[BlackElo "1735"]

1.d4 d5 2.c4 Nc6 3.e3 dxc4 4.Bxc4 e5 5.dxe5 Qxd1+ 6.Kxd1 Nxe5 7.Be2 Bf5 8.Nd2 Nf6
9.Ngf3 Nd3 10.Bxd3 Bxd3 11.Ne5 Bf5 12.Ke2 Bd6 13.Ndc4 Bc5 14.Nd3 Bxd3+ 15.Kxd3 O-O-O+
16.Ke2 Rhe8 17.a3 Nd5 18.Kf3 b5 19.Na5 Bb6 20.Nb3 Rd6 21.Bd2 Rf6+ 22.Kg3 Rg6+
23.Kf3 Rf6+ 24.Kg3 c6 25.Ba5 Re5 26.h4 Bxe3 27.f3 Nf4 28.Kh2 Ne2 29.Rad1 Bb6
30.Bxb6 axb6 31.Rhe1 Rfe6 32.Rd2 Nf4 33.Red1 Rd5 34.Rxd5 Nxd5 35.Nd4 Rd6
36.Nf5 Rg6 37.h5 Rg5 38.Nd6+ Kc7 39.Nxf7 Rxg2+ 40.Kxg2 Ne3+ 41.Kg3 Nxd1 42.b3 c5
43.Ne5 Kd6 44.Kf4 Nc3 45.Kf5 Ne2 46.h6 Nd4+ 47.Ke4 gxh6 48.Nf7+ Ke6 49.Nxh6 Nxb3
50.f4 Nd2+ 51.Kd3 Nc4 52.Ke4 Nxa3 53.f5+ Ke7 54.Ke5 Nc4+ 55.Ke4 Nd6+ 56.Ke5 Nf7+
57.Nxf7 Kxf7  0-1

[Event "17th CRO-chT 1b"]
[Site "Sibenik CRO"]
[Date "2008.09.28"]
[Round "2"]
[White "Kazhgaleyev,M"]
[Black "Miladinovic,I"]
[Result "1-0"]
[WhiteElo "2641"]
[BlackElo "2571"]

1.d4 d5 2.c4 Nc6 3.Nc3 Nf6 4.cxd5 Nxd5 5.Nf3 Bg4 6.e4 Nxc3 7.bxc3 e6 8.Rb1 Bd6
9.Rxb7 O-O 10.Be2 Na5 11.Rb1 c5 12.O-O Qe7 13.h3 Bh5 14.Ng5 Bxe2 15.Qxe2 cxd4
16.cxd4 h6 17.Nf3 Qc7 18.Re1 Rac8  1-0

[Event "17th CRO-chT 1b"]
[Site "Sibenik CRO"]
[Date "2008.09.30"]
[Round "4"]
[White "Tratar,M"]
[Black "Miladinovic,I"]
[Result "1/2-1/2"]
[WhiteElo "2486"]
[BlackElo "2571"]

1.d4 d5 2.c4 Nc6 3.cxd5 Qxd5 4.e3 e5 5.Nc3 Bb4 6.Bd2 Bxc3 7.Bxc3 exd4 8.Ne2 Nf6
9.Nxd4 O-O 10.Qb3 Nxd4 11.Bxd4 Qg5 12.Bxf6 Qxf6 13.Bc4 b6 14.O-O Bb7 15.Rfd1 Rad8  1/2-1/2

[Event "ch-Commonwealth"]
[Site "Nagpur IND"]
[Date "2008.10.01"]
[Round "5"]
[White "Arun Prasad,S"]
[Black "Das,Arg"]
[Result "1-0"]
[WhiteElo "2492"]
[BlackElo "2404"]

1.d4 d5 2.c4 Nc6 3.cxd5 Qxd5 4.e3 e5 5.Nc3 Bb4 6.Bd2 Bxc3 7.Bxc3 exd4 8.Ne2 Bg4
9.f3 Nf6 10.Nxd4 Bd7 11.Nxc6 Qxc6 12.Rc1 Qe6 13.Bd4 Qxa2 14.Qd2 Qe6 15.Bc4 Qe7
16.O-O b6 17.b4 c6 18.Rfd1 Rd8 19.Qa2 Be6 20.Bxe6 fxe6 21.Rxc6 Kf7 22.Rdc1 Rd7
23.b5 Nd5 24.Qb1 h6 25.f4 Re8 26.Qh7 Nf6 27.Bxf6 Qxf6 28.f5 Qg5 29.Rf1 Qxe3+
30.Kh1 exf5 31.Qxf5+ Ke7 32.Qf7+ Kd8 33.Qc4 Rd4 34.Rc8+ Ke7 35.Rf7+  1-0

[Event "TCh-AUT 2nd Bundesliga Ost 2008-9"]
[Site "Austria AUT"]
[Date "2008.10.03"]
[Round "1"]
[White "Kuthan,A"]
[Black "Geismann,B"]
[Result "1/2-1/2"]
[WhiteElo "2201"]
[BlackElo "2131"]

1.d4 d5 2.c4 Nc6 3.e3 e5 4.dxe5 d4 5.a3 a5 6.Nf3 Bc5 7.exd4 Bxd4 8.Be2 Bf5
9.Nc3 Bxc3+ 10.bxc3 Qxd1+ 11.Bxd1 Nge7 12.Bg5 Be4 13.Ba4 h6 14.Bxe7 Kxe7
15.O-O-O Rhd8 16.Rhe1 Rxd1+ 17.Bxd1 Bd3 18.Be2 Bxe2 19.Rxe2 Rd8 20.Re4 a4
21.Nd4 Na5 22.Nf5+ Kf8 23.Kc2 Nb3 24.Nd4 Na5 25.Nf5 Nb3 26.Nd4 Na5 27.Nf3 Nb3  1/2-1/2

[Event "ch-Commonwealth"]
[Site "Nagpur IND"]
[Date "2008.10.03"]
[Round "8"]
[White "Raghav,S"]
[Black "Jugele,A"]
[Result "0-1"]
[WhiteElo "1686"]
[BlackElo "1904"]

1.d4 d5 2.c4 Nc6 3.e3 e5 4.dxe5 d4 5.exd4 Qxd4 6.Qxd4 Nxd4 7.Bd3 Be6 8.b3 O-O-O
9.Be3 Nxb3 10.axb3 Rxd3 11.Nd2 Bb4 12.Rb1 Ne7 13.Nf3 Rhd8 14.O-O Rxe3 15.fxe3 Bxd2
16.Nxd2 Rxd2 17.Rfd1 Rxd1+ 18.Rxd1 Nc6 19.Ra1 a6 20.h3 Nxe5 21.Kf2 c5 22.Ke2 Kc7
23.e4 Nc6 24.Ke3 Nd4 25.Rb1 b5 26.cxb5 axb5 27.b4 Nc2+ 28.Kd2 Nxb4 29.Ke3 Kb6
30.g4 Nc6 31.Kf4 c4 32.Ke3 b4 33.Kd2 c3+ 34.Kc1 b3 35.g5 Nb4 36.Rxb3 Bxb3
37.h4 Nd3+ 38.Kb1 c2+ 39.Ka1 c1=Q+  0-1

[Event "TCh-AUT 2nd Bundesliga Ost 2008-9"]
[Site "Austria AUT"]
[Date "2008.10.05"]
[Round "3"]
[White "Steinert,Mart"]
[Black "Geismann,B"]
[Result "0-1"]
[WhiteElo "2058"]
[BlackElo "2131"]

1.d4 d5 2.c4 Nc6 3.Nf3 Bg4 4.e3 e5 5.dxe5 dxc4 6.Bd2 Nxe5 7.Bxc4 Bxf3 8.gxf3 Nxc4
9.Qa4+ Qd7 10.Qxc4 O-O-O 11.Nc3 Qxd2+  0-1

[Event "ch-Commonwealth"]
[Site "Nagpur IND"]
[Date "2008.10.05"]
[Round "10"]
[White "Megha,G"]
[Black "Jugele,A"]
[Result "0-1"]
[WhiteElo "1643"]
[BlackElo "1904"]

1.d4 d5 2.c4 Nc6 3.cxd5 Qxd5 4.Nf3 e5 5.Nc3 Bb4 6.Bd2 Bxc3 7.Bxc3 e4 8.Ne5 Be6
9.e3 Nxe5 10.dxe5 O-O-O 11.Qd4 Qxd4 12.Bxd4 Kb8 13.a3 Ne7 14.Bc3 Rhe8 15.f3 exf3
16.gxf3 Ng6 17.f4 f6 18.exf6 Bd5 19.Rg1 Rxe3+ 20.Kd2 Rf3 21.Kc1 Nxf4 22.fxg7 Bb3
23.Bd2 Rf2 24.g8=Q Bxg8 25.Bxf4 Rxf4 26.Bd3 Rf2 27.h3 Bb3 28.Re1 a6 29.Be4 Re2
30.Rf1 Rxe4 31.Rg1 Red4 32.h4 Rd1+ 33.Rxd1 Rxd1+  0-1

[Event "1st WMSG Blitz Team w"]
[Site "Beijing CHN"]
[Date "2008.10.13"]
[Round "1"]
[White "Zhao Xue"]
[Black "Fomina,T"]
[Result "1-0"]
[WhiteElo "2518"]
[BlackElo "2214"]

1.d4 d5 2.c4 Nc6 3.cxd5 Qxd5 4.e3 e5 5.Nc3 Bb4 6.Bd2 Bxc3 7.Bxc3 exd4 8.Ne2 Bg4
9.f3 O-O-O 10.Nxd4 Bh5 11.Qa4 Nxd4 12.Bxd4 a6 13.Bc4 Qg5 14.Qc2 Nf6 15.O-O Bg6
16.Qc3 Nd5 17.Bxd5 Qxd5 18.Bxg7 Rhg8 19.Rac1 Rd7 20.Be5 c6 21.Bg3 Qd3 22.Qe5 Kd8
23.Qb8+ Ke7 24.Qxg8  1-0

[Event "24th ECC"]
[Site "Kallithea GRE"]
[Date "2008.10.19"]
[Round "3"]
[White "Devereaux,M"]
[Black "Brandner,S"]
[Result "1-0"]
[WhiteElo "2415"]
[BlackElo "2296"]

1.d4 d5 2.c4 Nc6 3.Nc3 e5 4.cxd5 Nxd4 5.e3 Nf5 6.Nf3 Bd6 7.Bb5+ Bd7 8.Qb3 Nf6
9.Bxd7+ Qxd7 10.Qxb7 O-O 11.Qb5 Qxb5 12.Nxb5 e4 13.Nd2 Rfe8 14.O-O Nxd5 15.Nc4 Rab8
16.Nxa7 Nb4 17.Bd2 Bc5 18.a3 Nc2 19.Nc6 Nxa1 20.Nxb8 Nb3 21.Na6 Bf8 22.Bc3 Rd8
23.Nxc7 Rc8 24.Na5 Nc5 25.Nd5 Na4 26.Rd1 f6 27.Kf1 Nxc3 28.Nxc3 Bxa3 29.Nxe4 Bxb2
30.g4 Nh6 31.h3 Ba3 32.Ng3 Nf7 33.Nb3 g6 34.Rd7 Ne5 35.Ra7 Bf8 36.Ne4 Rc6
37.Nd4 Rb6 38.Kg2 Nd3 39.Rc7 Bg7 40.Nc6 h6 41.Ne7+  1-0

[Event "LiraH Autumn"]
[Site "Lichtenrade GER"]
[Date "2008.10.20"]
[Round "3"]
[White "Haemmerlein,T"]
[Black "Gnass,A"]
[Result "1-0"]
[WhiteElo "2179"]
[BlackElo "1886"]

1.d4 d5 2.c4 Nc6 3.Nf3 Bg4 4.Nc3 e5 5.Nxe5 Nxe5 6.dxe5 dxc4 7.Qa4+ Qd7 8.Qxc4 Be6
9.Qe4 O-O-O 10.Bg5 Bf5 11.Qe3 f6 12.Qxa7 c6 13.Rd1 Qxd1+ 14.Nxd1 fxg5 15.Qa8+ Kc7
16.Qa5+ Kc8 17.Nc3 Rd4 18.e3 Rd8 19.Bc4  1-0

[Event "24th ECC"]
[Site "Kallithea GRE"]
[Date "2008.10.21"]
[Round "5"]
[White "Sahitaj,N"]
[Black "Bednarich,J"]
[Result "0-1"]
[WhiteElo "2221"]
[BlackElo "2260"]

1.d4 d5 2.c4 Nc6 3.Nc3 dxc4 4.d5 Ne5 5.f4 Nd7 6.e4 Nb6 7.a4 a5 8.Be3 e6 9.Bxb6 cxb6
10.Bxc4 Bc5 11.dxe6 Bxe6 12.Bxe6 fxe6 13.Nf3 Qf6 14.g3 Nh6 15.Qb3 Rd8 16.Ke2 O-O
17.Rad1 Rde8 18.Rd7 Qg6 19.Rhd1 Bb4 20.R1d4 Bc5 21.Rd3 Nf7 22.Kd1 Bb4 23.R3d4 Nd8
24.Ne5 Qh5+ 25.g4 Qxh2 26.Rxd8 Qxf4 27.Rxe8 Rxe8 28.Nd3 Qxg4+ 29.Kc2 Qg2+
30.Ne2 Qxe2+ 31.Kb1 Bc5 32.Rd7 Qxe4 33.Qc3 Bf8 34.Rd4 Qf5 35.Rf4 Qg5 36.Qc7 Qg6
37.Ka1 Re7 38.Qb8 Rf7 39.Rd4 Qg1+  0-1

[Event "24th ECC"]
[Site "Kallithea GRE"]
[Date "2008.10.22"]
[Round "6"]
[White "Berkvens,J"]
[Black "Bednarich,J"]
[Result "1-0"]
[WhiteElo "2431"]
[BlackElo "2260"]

1.d4 d5 2.c4 Nc6 3.Nf3 Bg4 4.Bf4 e6 5.e3 Bb4+ 6.Nc3 Nf6 7.Rc1 O-O 8.h3 Bxf3
9.Qxf3 Ne4 10.Bd3 f5 11.cxd5 exd5 12.Bxe4 fxe4 13.Qg3 Rf7 14.O-O Qd7 15.Rc2 Ne7
16.a3 Nf5 17.Qg4 Bxc3 18.Rxc3 c6 19.Be5 Re8 20.b4 a6 21.a4 Re6 22.b5 axb5
23.axb5 Rg6 24.bxc6 bxc6 25.Qh5 Rh6 26.Qe2 Nh4 27.Qg4 Nf3+ 28.gxf3 Rg6 29.Bg3 Rxg4
30.fxg4 h5 31.Rfc1 hxg4 32.h4 Rf6 33.Kh2 Qb7 34.Bf4 Qb5 35.Rc5 Qe2 36.R5c2 Qf3
37.Bg3 g5 38.hxg5 Rf5 39.Rxc6 Rxg5 40.Rc8+ Kh7 41.Kg1 Rg7 42.Rd8 Qf5 43.Rc5 Qf3
44.Rdxd5 Rf7 45.Re5 Qd1+ 46.Kh2 Qf1 47.Rf5 Rb7 48.Rh5+ Kg6 49.Rhg5+ Kh6 50.Rxg4 Rg7
51.Rc6+ Kh7 52.Rh4+ Kg8 53.Rc8+ Kf7 54.Rc7+ Kg8 55.Rxg7+ Kxg7 56.Rxe4 Qd3
57.Re5 Kf6 58.d5 Qh7+ 59.Kg2 Qb7 60.e4 Qb4 61.d6  1-0

[Event "24th ECC"]
[Site "Kallithea GRE"]
[Date "2008.10.22"]
[Round "6"]
[White "Vragoteris,A"]
[Black "Buhr,CC"]
[Result "1-0"]
[WhiteElo "2267"]
[BlackElo "2346"]

1.d4 d5 2.c4 Nc6 3.Nc3 Nf6 4.Bg5 Ne4 5.Bh4 Nxc3 6.bxc3 dxc4 7.e4 Na5 8.Nf3 c6
9.Ne5 b5 10.Qf3 Be6 11.Rd1 f6 12.d5 Bf7 13.Nxf7 Kxf7 14.Be2 cxd5 15.exd5 Nb7
16.d6 Nxd6 17.Rxd6 exd6 18.Qd5+ Ke8 19.Qc6+ Kf7 20.Qd5+ Ke8 21.Qxb5+ Qd7
22.Qxc4 Be7 23.Qd5 Rb8 24.O-O Qb7 25.Qa5 Qe4 26.Bb5+ Kf7 27.Bg3 Rhc8 28.c4 Qd4
29.Re1 Kf8 30.h3 Qb6 31.Qa4 Rd8 32.Bc6 Qb4 33.Qd1 Qxc4 34.Bd5 Qc5 35.Qh5 g6
36.Qh6+ Ke8 37.Rxe7+  1-0

[Event "WYCC Girls U16"]
[Site "Vung Tau City VIE"]
[Date "2008.10.26"]
[Round "7"]
[White "Thilakawardana,S"]
[Black "Anker,C"]
[Result "0-1"]
[WhiteElo "1815"]
[BlackElo "1900"]

1.d4 d5 2.c4 Nc6 3.e3 e5 4.dxe5 dxc4 5.Qxd8+ Kxd8 6.Bxc4 Nxe5 7.Be2 Bf5 8.Nf3 Bd6
9.Nc3 Nd3+ 10.Bxd3 Bxd3 11.Bd2 Nf6 12.Rd1 Ke7 13.Nd4 c5 14.Nde2 Rhd8 15.Bc1 c4
16.O-O Bb4 17.Rfe1 Bxe2 18.Nxe2 Bxe1 19.Rxe1 Ne4 20.Nd4 Nc5 21.Bd2 Nd3 22.Rb1 Rac8
23.Bc3 f6 24.g3 a6 25.Ba5 Rd5 26.Bc3 b5 27.a3 Rd7 28.Kf1 Ra7 29.Ba5 Rd7 30.Bc3 Kd6
31.Ke2 Kc5 32.b3 Ne5 33.b4+ Kd5 34.Rd1 Nd3 35.Rg1 g6 36.Rf1 Re7 37.Kd2 f5
38.Ne2 Ke4 39.Bd4 Kf3 40.h3 Kg2 41.Rg1+ Kxh3 42.f3 Ne5 43.Nf4+ Kh2 44.Rg2+ Kh1
45.Rf2 c3+ 46.Kc2 Nc4 47.Re2 Nxa3+ 48.Kc1 Rc4 49.Nd3 Rxd4 50.Re1+ Kg2 51.exd4 Rxe1+
52.Nxe1+ Kxg3 53.d5 Nc4 54.Kc2 Ne3+  0-1

[Event "21st Belgrade Trophy"]
[Site "Obrenovac SRB"]
[Date "2008.11.02"]
[Round "6"]
[White "Posedaru,B"]
[Black "Martic,I"]
[Result "0-1"]
[WhiteElo "2212"]
[BlackElo "2308"]

1.d4 d5 2.c4 Nc6 3.cxd5 Qxd5 4.e3 e5 5.Nc3 Bb4 6.Bd2 Bxc3 7.bxc3 Nf6 8.f3 O-O
9.e4 Qd6 10.d5 Ne7 11.c4 Nd7 12.Nh3 Nc5 13.Nf2 a5 14.Be2 f5 15.O-O Bd7 16.Qc2 b6
17.Kh1 f4 18.Nd3 g5 19.Nxc5 bxc5 20.Bc1 h5 21.Ba3 g4 22.Rfb1 Ng6 23.Qd1 g3
24.h3 Nh4 25.Bf1 Rf7 26.Rb2 Rg7 27.Qb3 Kh7 28.Rd1 Rag8 29.Rdd2 Bxh3 30.gxh3 g2+
31.Rxg2 Rg3 32.Qb5 Rxh3+ 33.Kg1 Nxf3+ 34.Kf2 Qe7 35.Qxa5 Ra8 36.Bb4 Rxa5
37.Bxa5 Qh4+ 38.Ke2 Ng5 39.Rxg5 Re3+  0-1

[Event "Russia Cup Final w"]
[Site "Serpuhov RUS"]
[Date "2008.11.06"]
[Round "1.2"]
[White "Borisova,E"]
[Black "Chasovnikova,E"]
[Result "0-1"]
[WhiteElo "2267"]
[BlackElo "2338"]

1.d4 d5 2.c4 Nc6 3.cxd5 Qxd5 4.Nf3 e5 5.Nc3 Bb4 6.Bd2 Bxc3 7.Bxc3 e4 8.Ne5 e3
9.f3 Nge7 10.Qd3 Nxe5 11.dxe5 Qxd3 12.exd3 Nd5 13.d4 Be6 14.g3 O-O-O 15.Bc4 c5
16.Rd1 Kc7 17.Bxd5 Rxd5 18.Ke2 Rhd8 19.Kxe3 Kc6 20.Rd2 b5 21.Rc1 c4 22.Ba5 Re8
23.Bb4 Rd7 24.Bc5 a5 25.a3 f6 26.f4 Bf5 27.a4 g5 28.axb5+ Kxb5 29.Rf2 Bg6
30.Ba3 a4 31.f5 fxe5 32.fxg6 exd4+ 33.Kd2 hxg6 34.Re1 c3+ 35.Kd1 Re3 36.Rfe2 Kc4
37.Rxe3 dxe3+ 38.Ke2 c2 39.Kxe3 Rd1  0-1